Name the Catch-22 characters - Statistics

General Stats
  • This quiz has been taken 25 times
  • The average score is 12 of 15
Answer Stats
Hint Answer % Correct
The main character Yossarian
96%
He keeps raising missions Colonel Catchcart
88%
A man whose name causes him much grief and a promotion Major Major Major Major
88%
The most entrepreneurial character in the book Milo Minderbinder
88%
Almost succeeds in assassinating the main character Nately's whore
83%
On the hunt for Washington Iriving - or Irving Washington The C.I.D. Investigators
83%
His death leads to the main character sitting in a tree naked Snowden
79%
His best friend who is 'disappeared' Dunbar
75%
Terrifying man with seemingly innate ability to show up in newly fallen cities Major de Coverley
75%
Rapes and kills a maid without remorse because "old blank never paid for it" Aarfy
71%
He really loves parades Lieutenant Scheisskopf
71%
Wants to have horse chestnut cheeks Orr
71%
Decides to die of pneumonia - and does Chief White Halfoat
67%
He was accused of stealing a cherry tomato Chaplain Tappman
63%
Despite being dead, he can write letters and has a high temperature Doc Daneeka
63%
No matching quizzes found
Score Distribution
Percent of People with Each Score
Percentile by Number Answered
Your Score History
You have not taken this quiz